书目信息 |
| 题名: |
无公害食品(第二批)养殖业部分
|
|
| 作者: | ;中华人民共和国农业部 | |
| 分册: | ||
| 出版信息: | 北京 中国标准出版社 2002 |
|
| 页数: | 384 | |
| 开本: | 29cm | |
| 丛书名: | ||
| 单 册: | ||
| 中图分类: | X56-56 | |
| 科图分类: | ||
| 主题词: | 食物污染 , 食物污染--污染防治 | |
| 电子资源: | ||
| ISBN: | ||
| 000 | 00641nam0 2200193 450 | |
| 001 | 0741144344 | |
| 005 | 20070817112544.34 | |
| 010 | @d¥100.00 | |
| 100 | @a20070817d km y0chiy0120 ea | |
| 101 | 0 | @achi |
| 200 | 1 | @a无公害食品(第二批)养殖业部分@Awu gong hai shi pin(di er pi)yang zhi ye bu fen@f中华人民共和国农业部@Fzhong hua ren min gong he guo nong ye bu |
| 210 | @a北京@c中国标准出版社@d2002 | |
| 215 | @a384@d29cm | |
| 606 | 0 | @a食物污染 |
| 606 | 0 | @a食物污染@x污染防治 |
| 690 | @aX56-56@v3 | |
| 711 | 02 | @a中华人民共和国农业部@Azhong hua ren min gong he guo nong ye bu |
| 801 | 0 | @aCN@bPFT@c20070817 |
| 905 | @a213230@dX56-56@en2@f1 | |
| 无公害食品(第二批)养殖业部分/中华人民共和国农业部.-北京:中国标准出版社,2002 |
| 384;29cm |
| ISBN :¥100.00 |
| ● |
| 相关链接 |
|
|
|
|
正题名:无公害食品(第二批)养殖业部分
索取号:X56-56/n2
 
预约/预借
| 序号 | 登录号 | 条形码 | 馆藏地/架位号 | 状态 | 备注 |
| 1 | 6601020 | 266010201 | 密集书库-生命科学系/ [索取号:X56-56/n2] | 在馆 |